| 000 | 00524nam a2200193Ia 4500 | ||
|---|---|---|---|
| 005 | 20250508161058.0 | ||
| 008 | 008 250505s9999 xx 000 0 hin d | ||
| 020 | _a0-416-83230-X | ||
| 037 | _aTextual | ||
| 040 |
_aFEDL _beng _cFEDL |
||
| 041 |
_ahin _2hin |
||
| 084 |
_a153.93, JEN _qFEDL |
||
| 100 | _aJensen Arthur R. | ||
| 245 | 0 | _aBias in mental testing | |
| 260 |
_aLondon, UK _bMethuen and Co. Ltd. _c1980 |
||
| 300 | _axiii,786p. | ||
| 942 |
_cTEXL _h153.93, JEN |
||
| 999 |
_c1368306 _d1368306 |
||